[Event "2nd Charlotte Masters 2021"]
[Site "Charlotte"]
[Date "2021.04.09"]
[Round "1.1"]
[White "Liang, Jason"]
[Black "Matta, Nicholas"]
[Result "0-1"]
[WhiteElo "2351"]
[BlackElo "2201"]
[Annotator "NA"]
[PlyCount "112"]
[EventDate "2021.04.09"]
[EventType "swiss"]
[EventCountry "USA"]
[SourceTitle "playchess.com"]
[Source "ChessBase"]
[SourceQuality "1"]
[TimeControl "5400+30"]

1. e4 {[%emt 0:06:26]} e5 {[%emt 0:00:00]} 2. Nf3 {[%emt 0:00:12]} Nc6 {[%emt 0:00:00]} 3. Bc4 {[%emt 0:00:16]} Nf6 {[%emt 0:00:00]} 4. Ng5 {[%emt 0:00:13]} d5 {[%emt 0:00:08]} 5. exd5 {[%emt 0:00:10]} Na5 {[%emt 0:00:08]} 6. Bb5+ {[%emt 0:00:08]} c6 {[%emt 0:00:07]} 7. dxc6 {[%emt 0:00:06]} bxc6 {[%emt 0:00:07]} 8. Bd3 {[%emt 0:00:14]} Nd5 {[%emt 0:00:15]} 9. Nf3 {[%emt 0:00:09]} Bd6 {[%emt 0:00:14]} 10. O-O {[%emt 0:00:09]} Nf4 {[%emt 0:00:11]} 11. Nc3 {[%emt 0:00:10]} Nxd3 {[%emt 0:00:33]} 12. cxd3 {[%emt 0:00:08]} O-O {[%emt 0:00:10]} 13. Ne4 {[%emt 0:00:05]} Bc7 {[%emt 0:00:17]} 14. Qc2 {[%emt 0:00:10]} c5 {[%emt 0:00:29]} 15. Qxc5 {[%emt 0:00:16]} Ba6 {[%emt 0:00:23]} 16. b3 {[%emt 0:18:31]} Bxd3 {[%emt 0:22:39]} 17. Re1 {[%emt 0:01:33]} Re8 {[%emt 0:00:09]} 18. Ba3 {[%emt 0:19:44]} Bb6 {[%emt 0:00:25]} 19. Qd6 {[%emt 0:02:32]} Nb7 {[%emt 0:00:11]} 20. Qxd8 {[%emt 0:03:52]} Raxd8 {[%emt 0:00:07]} 21. g4 {[%emt 0:15:51]} Rc8 {[%emt 0:15:07]} 22. Rac1 {[%emt 0:01:43]} Rxc1 {[%emt 0:03:08]} 23. Bxc1 {[%emt 0:00:04]} f6 {[%emt 0:00:37]} 24. Ba3 {[%emt 0:02:04]} Rc8 {[%emt 0:03:25]} 25. Nc3 {[%emt 0:01:13]} Kf7 {[%emt 0:06:32]} 26. Rc1 {[%emt 0:04:53]} Ke6 {[%emt 0:05:14]} 27. Ne1 {[%emt 0:04:22]} Bg6 {[%emt 0:07:01]} 28. Na4 {[%emt 0:01:58]} Rxc1 {[%emt 0:05:15]} 29. Bxc1 {[%emt 0:00:06]} Bd4 {[%emt 0:00:03]} 30. Bb2 {[%emt 0:01:13]} Bb1 {[%emt 0:03:19]} 31. a3 {[%emt 0:04:15]} Kd5 {[%emt 0:03:08]} 32. Bxd4 {[%emt 0:05:05]} exd4 {[%emt 0:01:31]} 33. d3 {[%emt 0:02:05]} Nc5 {[%emt 0:04:24]} 34. Nxc5 {[%emt 0:00:15]} Kxc5 {[%emt 0:00:05]} 35. Kf1 {[%emt 0:00:13]} a5 {[%emt 0:03:10]} 36. Ke2 {[%emt 0:00:19]} Ba2 {[%emt 0:00:17]} 37. b4+ {[%emt 0:00:23]} axb4 {[%emt 0:00:09]} 38. axb4+ {[%emt 0:00:04]} Kxb4 {[%emt 0:00:23]} 39. Nf3 {[%emt 0:05:48]} Kc3 {[%emt 0:00:49]} 40. Nd2 {[%emt 0:00:18]} Bd5 {[%emt 0:00:53]} 41. h4 {[%emt 0:00:19]} Kc2 {[%emt 0:05:21]} 42. f3 {[%emt 0:01:45]} Kc3 {[%emt 0:00:52]} 43. Nf1 {[%emt 0:01:07]} Bc6 {[%emt 0:07:59]} 44. Ng3 {[%emt 0:00:24]} Bb5 {[%emt 0:00:33]} 45. Ne4+ {[%emt 0:00:06]} Kc2 {[%emt 0:00:07]} 46. Nc5 {[%emt 0:00:53]} g6 {[%emt 0:00:27]} 47. f4 {[%emt 0:00:52]} f5 {[%emt 0:00:31]} 48. gxf5 {[%emt 0:00:44]} gxf5 {[%emt 0:00:02]} 49. Ne6 {[%emt 0:00:29]} Bxd3+ {[%emt 0:00:15]} 50. Kf2 {[%emt 0:00:21]} Kc3 {[%emt 0:00:07]} 51. h5 {[%emt 0:00:09]} Be4 {[%emt 0:03:10]} 52. Nc7 {[%emt 0:01:00]} Bc6 {[%emt 0:00:12]} 53. Ne6 {[%emt 0:00:28]} d3 {[%emt 0:00:12]} 54. Ng5 {[%emt 0:00:36]} d2 {[%emt 0:00:12]} 55. Ke2 {[%emt 0:00:06]} Bb5+ {[%emt 0:00:06]} 56. Kd1 {[%emt 0:00:10]} Ba4+ {[%emt 0:00:05]} 0-1

[Event "2nd Charlotte Masters 2021"]
[Site "Charlotte"]
[Date "2021.04.09"]
[Round "1.2"]
[White "Wu, Derek"]
[Black "Wang, Tianqi"]
[Result "0-1"]
[WhiteElo "2175"]
[BlackElo "2335"]
[Annotator "NA"]
[PlyCount "72"]
[EventDate "2021.04.09"]
[EventType "swiss"]
[EventCountry "USA"]
[SourceTitle "playchess.com"]
[Source "ChessBase"]
[SourceQuality "1"]
[TimeControl "5400+30"]

1. d4 {[%emt 0:00:00]} Nf6 {[%emt 0:10:02]} 2. Bg5 {[%emt 0:00:00]} d5 {[%emt 0:00:05]} 3. Nd2 {[%emt 0:00:14]} Nbd7 {[%emt 0:01:28]} 4. e3 {[%emt 0:01:18]} c5 {[%emt 0:00:23]} 5. dxc5 {[%emt 0:06:44]} Nxc5 {[%emt 0:02:37]} 6. Bxf6 {[%emt 0:01:19]} gxf6 {[%emt 0:03:08]} 7. Bb5+ {[%emt 0:04:04]} Bd7 {[%emt 0:01:43]} 8. Bxd7+ {[%emt 0:01:06]} Qxd7 {[%emt 0:00:06]} 9. Qh5 {[%emt 0:02:04]} e6 {[%emt 0:01:31]} 10. O-O-O {[%emt 0:02:23]} Qa4 {[%emt 0:03:47]} 11. Kb1 {[%emt 0:02:07]} Rc8 {[%emt 0:01:06]} 12. Nb3 {[%emt 0:03:58]} Rg8 {[%emt 0:08:45]} 13. Nh3 {[%emt 0:20:45]} Ne4 {[%emt 0:15:25]} 14. Nf4 {[%emt 0:05:20]} Nxf2 {[%emt 0:22:42]} 15. Nxd5 {[%emt 0:00:56]} Rg6 {[%emt 0:01:47]} 16. Nc3 {[%emt 0:06:44]} Qc6 {[%emt 0:02:18]} 17. Nd4 {[%emt 0:01:34]} Qc5 {[%emt 0:01:04]} 18. Qf3 {[%emt 0:01:27]} Nxd1 {[%emt 0:04:15]} 19. Rxd1 {[%emt 0:00:11]} Qb6 {[%emt 0:02:21]} 20. Nce2 {[%emt 0:03:09]} Be7 {[%emt 0:03:10]} 21. Rd3 {[%emt 0:00:51]} Rc7 {[%emt 0:01:03]} 22. a3 {[%emt 0:04:17]} Rd7 {[%emt 0:00:25]} 23. Nf4 {[%emt 0:00:53]} Rg5 {[%emt 0:00:59]} 24. h4 {[%emt 0:01:38]} Rg8 {[%emt 0:01:40]} 25. Rb3 {[%emt 0:02:32]} Qa6 {[%emt 0:00:24]} 26. Rc3 {[%emt 0:04:54]} e5 {[%emt 0:01:58]} 27. Nd5 {[%emt 0:00:56]} Bd8 {[%emt 0:01:25]} 28. Nf5 {[%emt 0:01:20]} e4 {[%emt 0:00:36]} 29. Qxe4+ {[%emt 0:10:02]} Qe6 {[%emt 0:00:06]} 30. Qb4 {[%emt 0:01:36]} Rxd5 {[%emt 0:00:41]} 31. Nd4 {[%emt 0:00:19]} Qd7 {[%emt 0:00:12]} 32. Nb3 {[%emt 0:01:11]} Rg4 {[%emt 0:00:33]} 33. e4 {[%emt 0:00:13]} Rd1+ {[%emt 0:00:15]} 34. Ka2 {[%emt 0:00:02]} Be7 {[%emt 0:00:17]} 35. Qa5 {[%emt 0:00:08]} b6 {[%emt 0:00:16]} 36. Qh5 {[%emt 0:00:21]} a5 {[%emt 0:02:03]} 0-1

[Event "2nd Charlotte Masters 2021"]
[Site "Charlotte"]
[Date "2021.04.09"]
[Round "1.3"]
[White "Mardov, Dimitar"]
[Black "Eckert, Doug"]
[Result "1/2-1/2"]
[WhiteElo "2312"]
[BlackElo "2162"]
[Annotator "NA"]
[PlyCount "79"]
[EventDate "2021.04.09"]
[EventType "swiss"]
[EventCountry "USA"]
[SourceTitle "playchess.com"]
[Source "ChessBase"]
[SourceQuality "1"]
[TimeControl "5400+30"]

1. e4 {[%emt 0:00:00]} e5 {[%emt 0:00:00]} 2. Nf3 {[%emt 0:00:04]} Nc6 {[%emt 0:00:00]} 3. Bc4 {[%emt 0:00:04]} Bc5 {[%emt 0:00:00]} 4. O-O {[%emt 0:00:43]} Nf6 {[%emt 0:00:00]} 5. d3 {[%emt 0:00:22]} d6 {[%emt 0:00:23]} 6. h3 {[%emt 0:00:57]} h6 {[%emt 0:01:26]} 7. c3 {[%emt 0:01:43]} O-O {[%emt 0:01:38]} 8. a4 {[%emt 0:01:14]} a5 {[%emt 0:00:10]} 9. Re1 {[%emt 0:01:03]} Be6 {[%emt 0:02:44]} 10. Bb5 {[%emt 0:03:52]} Bd7 {[%emt 0:05:22]} 11. d4 {[%emt 0:06:51]} Bb6 {[%emt 0:01:05]} 12. d5 {[%emt 0:08:52]} Ne7 {[%emt 0:01:25]} 13. Nbd2 {[%emt 0:02:55]} Ng6 {[%emt 0:10:57]} 14. Nc4 {[%emt 0:03:00]} Ba7 {[%emt 0:04:22]} 15. Bxd7 {[%emt 0:03:09]} Qxd7 {[%emt 0:00:36]} 16. b4 {[%emt 0:05:00]} axb4 {[%emt 0:04:58]} 17. cxb4 {[%emt 0:00:05]} b5 {[%emt 0:01:46]} 18. Na5 {[%emt 0:03:05]} Ne7 {[%emt 0:05:09]} 19. Qc2 {[%emt 0:03:40]} bxa4 {[%emt 0:03:25]} 20. Bd2 {[%emt 0:04:47]} Rfc8 {[%emt 0:04:20]} 21. Qxa4 {[%emt 0:09:42]} Qxa4 {[%emt 0:07:34]} 22. Rxa4 {[%emt 0:00:08]} Bb6 {[%emt 0:04:25]} 23. Raa1 {[%emt 0:02:34]} Nd7 {[%emt 0:03:11]} 24. g4 {[%emt 0:10:57]} Bxa5 {[%emt 0:08:17]} 25. bxa5 {[%emt 0:00:12]} Nc5 {[%emt 0:00:05]} 26. Ra3 {[%emt 0:04:57]} c6 {[%emt 0:02:33]} 27. dxc6 {[%emt 0:00:30]} Nxc6 {[%emt 0:00:29]} 28. Kg2 {[%emt 0:02:06]} Ra6 {[%emt 0:00:39]} 29. Nh4 {[%emt 0:02:55]} Rca8 {[%emt 0:02:52]} 30. Nf5 {[%emt 0:02:38]} Nxa5 {[%emt 0:01:00]} 31. Rxa5 {[%emt 0:02:02]} Rxa5 {[%emt 0:00:16]} 32. Bxa5 {[%emt 0:00:12]} Rxa5 {[%emt 0:00:01]} 33. Nxd6 {[%emt 0:00:56]} f6 {[%emt 0:05:03]} 34. Nf5 {[%emt 0:02:21]} Ra2 {[%emt 0:01:02]} 35. Re3 {[%emt 0:00:53]} Rc2 {[%emt 0:03:25]} 36. h4 {[%emt 0:01:01]} Kh7 {[%emt 0:03:58]} 37. h5 {[%emt 0:01:35]} g6 {[%emt 0:00:34]} 38. hxg6+ {[%emt 0:00:27]} Kxg6 {[%emt 0:00:05]} 39. Kg3 {[%emt 0:02:13]} Rc3 {[%emt 0:02:24]} 40. f3 {[%emt 0:01:28]} 1/2-1/2

[Event "2nd Charlotte Masters 2021"]
[Site "Charlotte"]
[Date "2021.04.09"]
[Round "1.4"]
[White "Wu, Rochelle"]
[Black "Colas, Joshua"]
[Result "0-1"]
[WhiteElo "2132"]
[BlackElo "2298"]
[Annotator "NA"]
[PlyCount "72"]
[EventDate "2021.04.09"]
[EventType "swiss"]
[EventCountry "USA"]
[SourceTitle "playchess.com"]
[Source "ChessBase"]
[SourceQuality "1"]
[TimeControl "5400+30"]

1. d4 {[%emt 0:00:00]} d5 {[%emt 0:05:51]} 2. c4 {[%emt 0:00:00]} e6 {[%emt 0:00:19]} 3. Nc3 {[%emt 0:00:18]} Nf6 {[%emt 0:00:40]} 4. cxd5 {[%emt 0:00:21]} exd5 {[%emt 0:00:12]} 5. Bg5 {[%emt 0:00:24]} Nbd7 {[%emt 0:00:14]} 6. e3 {[%emt 0:00:20]} c6 {[%emt 0:00:09]} 7. Bd3 {[%emt 0:01:33]} Be7 {[%emt 0:00:19]} 8. Qc2 {[%emt 0:03:18]} O-O {[%emt 0:00:55]} 9. Nge2 {[%emt 0:02:15]} Re8 {[%emt 0:00:17]} 10. O-O {[%emt 0:01:52]} Nf8 {[%emt 0:00:56]} 11. Rac1 {[%emt 0:06:17]} g6 {[%emt 0:01:09]} 12. a3 {[%emt 0:05:19]} a5 {[%emt 0:01:37]} 13. Na4 {[%emt 0:13:57]} Ne6 {[%emt 1:23:52]} 14. Bh4 {[%emt 0:00:25]} Ng7 {[%emt 0:00:00]} 15. Nc5 {[%emt 0:05:13]} b6 {[%emt 0:00:00]} 16. Na4 {[%emt 0:01:19]} Bb7 {[%emt 0:00:00]} 17. h3 {[%emt 0:04:10]} Nd7 {[%emt 0:00:00]} 18. Bg3 {[%emt 0:00:53]} b5 {[%emt 0:00:00]} 19. Nac3 {[%emt 0:05:37]} f5 {[%emt 0:00:00]} 20. Qb3 {[%emt 0:09:45]} a4 {[%emt 0:00:00]} 21. Qa2 {[%emt 0:00:57]} Nf6 {[%emt 0:00:00]} 22. f3 {[%emt 0:09:43]} Kh8 {[%emt 0:00:00]} 23. e4 {[%emt 0:10:56]} fxe4 {[%emt 0:00:00]} 24. fxe4 {[%emt 0:00:26]} dxe4 {[%emt 0:00:00]} 25. Bxe4 {[%emt 0:02:48]} Nxe4 {[%emt 0:00:00]} 26. Nxe4 {[%emt 0:00:08]} c5 {[%emt 0:00:00]} 27. N4c3 {[%emt 0:06:36]} b4 {[%emt 0:00:00]} 28. axb4 {[%emt 0:00:21]} cxb4 {[%emt 0:00:00]} 29. Be5 {[%emt 0:02:36]} bxc3 {[%emt 0:00:00]} 30. Qf7 {[%emt 0:00:08]} Rg8 {[%emt 0:00:00]} 31. Nf4 {[%emt 0:00:13]} Qe8 {[%emt 0:00:00]} 32. Ne6 {[%emt 0:00:54]} Qxf7 {[%emt 0:00:00]} 33. Rxf7 {[%emt 0:00:05]} cxb2 {[%emt 0:00:00]} 34. Rcf1 {[%emt 0:04:37]} Bd6 {[%emt 0:00:00]} 35. Bxg7+ {[%emt 0:03:08]} Rxg7 {[%emt 0:00:00]} 36. Nxg7 {[%emt 0:00:33]} Be4 {[%emt 0:00:00]} 0-1

[Event "2nd Charlotte Masters 2021"]
[Site "Charlotte"]
[Date "2021.04.09"]
[Round "1.6"]
[White "Putnam, Liam"]
[Black "Oberoi, Shelev"]
[Result "0-1"]
[WhiteElo "2076"]
[BlackElo "2229"]
[Annotator "NA"]
[PlyCount "100"]
[EventDate "2021.04.09"]
[EventType "swiss"]
[EventCountry "USA"]
[SourceTitle "playchess.com"]
[Source "ChessBase"]
[SourceQuality "1"]
[TimeControl "5400+30"]

1. d4 {[%emt 0:00:00]} Nf6 {[%emt 0:00:00]} 2. c4 {[%emt 0:00:00]} g6 {[%emt 0:00:00]} 3. f3 {[%emt 0:00:00]} Bg7 {[%emt 0:04:06]} 4. e4 {[%emt 0:00:14]} d6 {[%emt 0:01:12]} 5. Nc3 {[%emt 0:00:25]} O-O {[%emt 0:00:48]} 6. Nge2 {[%emt 0:00:09]} c5 {[%emt 0:00:48]} 7. d5 {[%emt 0:01:04]} e6 {[%emt 0:05:44]} 8. Ng3 {[%emt 0:00:19]} exd5 {[%emt 0:01:16]} 9. cxd5 {[%emt 0:00:04]} Na6 {[%emt 0:06:18]} 10. Be2 {[%emt 0:06:05]} Bd7 {[%emt 0:02:37]} 11. O-O {[%emt 0:10:42]} h5 {[%emt 0:00:44]} 12. Be3 {[%emt 0:03:44]} Rb8 {[%emt 0:08:04]} 13. Qd2 {[%emt 0:03:38]} Nh7 {[%emt 0:02:54]} 14. f4 {[%emt 0:02:53]} h4 {[%emt 0:04:09]} 15. Nh1 {[%emt 0:00:23]} Re8 {[%emt 0:00:17]} 16. Nf2 {[%emt 0:02:37]} b5 {[%emt 0:08:14]} 17. a4 {[%emt 0:07:35]} Nc7 {[%emt 0:06:57]} 18. e5 {[%emt 0:09:01]} bxa4 {[%emt 0:04:56]} 19. Nfe4 {[%emt 0:06:54]} dxe5 {[%emt 0:03:13]} 20. Bxc5 {[%emt 0:06:47]} Bf5 {[%emt 0:02:45]} 21. d6 {[%emt 0:03:52]} Na8 {[%emt 0:08:10]} 22. Rxa4 {[%emt 0:06:56]} exf4 {[%emt 0:04:27]} 23. d7 {[%emt 0:15:46]} Qxd7 {[%emt 0:07:09]} 24. Qxd7 {[%emt 0:00:52]} Bxd7 {[%emt 0:00:21]} 25. Rxa7 {[%emt 0:00:36]} Be6 {[%emt 0:04:34]} 26. Rfa1 {[%emt 0:04:43]} Nb6 {[%emt 0:04:40]} 27. Nd6 {[%emt 0:00:30]} Red8 {[%emt 0:00:20]} 28. Rb7 {[%emt 0:06:03]} Bd4+ {[%emt 0:03:11]} 29. Bxd4 {[%emt 0:00:24]} Rxb7 {[%emt 0:00:02]} 30. Nxb7 {[%emt 0:00:11]} Rxd4 {[%emt 0:00:07]} 31. Nc5 {[%emt 0:01:25]} Bf5 {[%emt 0:02:35]} 32. Ra6 {[%emt 0:01:04]} Nd7 {[%emt 0:01:08]} 33. Nxd7 {[%emt 0:00:39]} Bxd7 {[%emt 0:00:15]} 34. Rb6 {[%emt 0:00:19]} h3 {[%emt 0:01:03]} 35. Rb8+ {[%emt 0:00:29]} Kg7 {[%emt 0:00:08]} 36. Rd8 {[%emt 0:00:03]} hxg2 {[%emt 0:01:25]} 37. Bb5 {[%emt 0:00:11]} Ng5 {[%emt 0:02:54]} 38. h4 {[%emt 0:01:36]} Bxb5 {[%emt 0:00:17]} 39. Rxd4 {[%emt 0:00:22]} Nf3+ {[%emt 0:00:01]} 40. Kxg2 {[%emt 0:00:02]} Nxd4 {[%emt 0:00:11]} 41. Nxb5 {[%emt 0:00:49]} Nxb5 {[%emt 0:00:20]} 42. Kf3 {[%emt 0:00:02]} f5 {[%emt 0:00:12]} 43. Kxf4 {[%emt 0:00:05]} Kf6 {[%emt 0:00:02]} 44. b3 {[%emt 0:00:12]} Nd4 {[%emt 0:00:10]} 45. b4 {[%emt 0:00:02]} Ne6+ {[%emt 0:00:07]} 46. Ke3 {[%emt 0:00:06]} Ke5 {[%emt 0:00:06]} 47. b5 {[%emt 0:00:03]} Nc5 {[%emt 0:00:11]} 48. b6 {[%emt 0:00:04]} f4+ {[%emt 0:00:05]} 49. Kf3 {[%emt 0:00:06]} Kf5 {[%emt 0:00:05]} 50. b7 {[%emt 0:00:12]} Nxb7 {[%emt 0:00:05]} 0-1

[Event "2nd Charlotte Masters 2021"]
[Site "Charlotte"]
[Date "2021.04.10"]
[Round "2.2"]
[White "Colas, Joshua"]
[Black "Oberoi, Shelev"]
[Result "1-0"]
[WhiteElo "2298"]
[BlackElo "2229"]
[Annotator "TA"]
[PlyCount "113"]
[EventDate "2021.04.09"]
[EventType "swiss"]
[EventCountry "USA"]
[SourceTitle "playchess.com"]
[Source "ChessBase"]
[SourceQuality "1"]

{[%evp 16,113,20,20,22,20,31,27,31,31,81,41,73,83,75,83,106,85,175,168,171,159,163,137,179,112,107,121,135,135,362,357,329,220,267,228,229,219,268,176,166,114,142,136,118,134,145,83,85,90,89,80,112,106,106,12,61,47,179,172,179,166,180,175,179,163,177,165,312,296,513,482,624,620,587,600,627,627,624,624,618,617,613,610,586,584,757,650,29974,29976,29977,29973,29974,29968,29972,29974,29975,29977,29978,29978]} 1. Nf3 Nf6 2. c4 g6 3. b3 Bg7 4. Bb2 O-O 5. g3 d5 6. Bg2 c6 7. O-O Bg4 8. d3 Bxf3 9. Bxf3 d4 {A11: English Opening: 1...c6.} 10. b4 {[%cal Bb3b4,Bb4b5][%mdl 32] [#]} e5 $146 ({Predecessor:} 10... Qd7 11. Nd2 e5 12. Nb3 Na6 13. Ba3 Rfe8 14. Rb1 e4 15. dxe4 Nxe4 16. Bxe4 Rxe4 17. b5 cxb5 18. cxb5 Qxb5 {1-0 (70) Samovojska,D (2210)-Frouth,N (2199) Croatia 2015}) 11. Nd2 h5 {White has an edge.} 12. a4 h4 13. b5 Qc8 14. Ba3 Re8 15. Rb1 Nbd7 {[%cal Bb8d7,Bd7e5,Be5c4][%mdl 32]} 16. a5 e4 (16... a6 $16 {was necessary.}) 17. Nxe4 $18 Nxe4 18. Bxe4 ({But not} 18. dxe4 $6 Ne5 $11) 18... Rxe4 19. dxe4 Ne5 {With the idea ...Qh3.} 20. Bd6 (20. bxc6 $18 Qxc6 21. Qb3) 20... Nxc4 $16 {[#]} 21. e5 hxg3 22. hxg3 Qg4 (22... c5 $16 {might work better.}) 23. bxc6 $18 bxc6 24. Rb4 Nxe5 25. Bxe5 Bxe5 26. Qd3 Kg7 27. Kg2 c5 28. Rc4 (28. Rbb1 $18) 28... Bd6 29. Qf3 Qxf3+ 30. Kxf3 $16 {[%mdl 4096] Endgame KRR-KRB} Rb8 31. Ke4 (31. Rcc1 $142) 31... Rb2 32. e3 dxe3 33. fxe3 Ra2 34. Kd5 Bc7 35. Kc6 (35. Re4 $16) 35... Bxa5 36. Rcf4 Bb4 {Black is on the road to losing.} ({Black should try} 36... f5 $14) 37. Rxf7+ $18 Kh6 38. R7f2 Ra6+ {[#]} 39. Kd5 $1 Ra3 40. Re2 Rd3+ 41. Kc4 Rc3+ (41... Rd8 $142 42. Rf7 a6) 42. Kb5 Ra3 $2 (42... Rd3 43. e4 Rd6) 43. e4 a6+ 44. Kc6 c4 45. e5 Rxg3 46. e6 c3 47. e7 Bxe7 48. Rxe7 c2 {Hoping for ...Rc3+.} 49. Rc1 Rc3+ 50. Kd5 g5 51. Re2 g4 52. Rcxc2 {White mates.} Rf3 53. Rf2 Re3 54. Kd4 Re8 55. Rc5 Rd8+ 56. Ke4 Re8+ 57. Kf4 {Weighted Error Value: White=0.14/Black=0.40} 1-0

[Event "2nd Charlotte Masters 2021"]
[Site "Charlotte"]
[Date "2021.04.10"]
[Round "2.3"]
[White "Matta, Nicholas"]
[Black "Mardov, Dimitar"]
[Result "1-0"]
[WhiteElo "2201"]
[BlackElo "2312"]
[Annotator "TA"]
[PlyCount "67"]
[EventDate "2021.04.09"]
[EventType "swiss"]
[EventCountry "USA"]
[SourceTitle "playchess.com"]
[Source "ChessBase"]
[SourceQuality "1"]

{[%evp 21,67,47,69,44,56,30,50,32,52,58,52,52,60,58,64,63,124,118,122,110,97,120,129,147,151,141,229,233,252,245,356,350,444,409,408,420,398,392,458,426,461,443,622,655,748,737,679,562]} 1. d4 d5 2. c4 e6 3. Nf3 Nf6 4. Nc3 Be7 5. Bf4 O-O 6. e3 b6 7. Bd3 Bb7 8. cxd5 exd5 9. O-O Nbd7 10. Rc1 c5 11. Ne5 a6 12. Nxd7 {D37: Queen's Gambit Declined: 5 Bf4.} Nxd7 {[#]} 13. dxc5 $146 (13. Qf3 {with more complications.} Nf6 14. Rfd1 Ra7 15. dxc5 bxc5 16. e4) ({Predecessor:} 13. Qf3 Kh8 14. Rfd1 cxd4 15. exd4 Re8 16. Na4 Rc8 17. Rxc8 Qxc8 18. Rc1 Bc6 {½-½ (38) Horvath,D (2412)-Urhegyi,M (2299) Budapest 2019}) 13... Nxc5 14. Be2 {White is slightly better.} Qd7 15. Bg4 f5 16. Bf3 {[%cal Rf3d5]} Rad8 17. Be5 Bf6 18. Bd4 f4 {White now steadily converts the win.} (18... Qd6 $14) 19. exf4 $16 Bxd4 20. Qxd4 Ne6 21. Qxb6 {aiming for Bg4.} Nxf4 22. Ne2 Nxe2+ 23. Bxe2 {[#] Hoping for Rc7.} Ba8 (23... Rf6 $16 {might work better.} 24. Qa5 Qd6) 24. Rc7 $18 ({Don't play} 24. Qxa6 $6 d4) 24... Qf5 25. Qd4 {[%csl Gc7][%cal Rd4g7]} ({Don't take} 25. Qxa6 $6 Qe5 $16) 25... Rf6 {[#]} (25... Qf6 $142 26. Qxf6 Rxf6) 26. Bxa6 $1 {[%mdl 512]} Bc6 (26... Qe4 27. Qxe4) 27. Bd3 Qe6 28. Qh4 h6 29. Qg3 {[%csl Gc7][%cal Rg3g7]} Bd7 30. b4 {[%cal Bb2b4,Bb4b5][%mdl 32] White is clearly winning.} Qb6 31. b5 Qd4 (31... Rf7 $142 32. a4 Ra8) 32. Qe3 Qg4 33. h3 Qh5 34. Qe7 {Weighted Error Value: White=0.03/Black=0.34} 1-0

[Event "2nd Charlotte Masters 2021"]
[Site "Charlotte"]
[Date "2021.04.10"]
[Round "2.4"]
[White "Eckert, Doug"]
[Black "Liang, Jason"]
[Result "0-1"]
[WhiteElo "2162"]
[BlackElo "2351"]
[Annotator "TA"]
[PlyCount "86"]
[EventDate "2021.04.09"]
[EventType "swiss"]
[EventCountry "USA"]
[SourceTitle "playchess.com"]
[Source "ChessBase"]
[SourceQuality "1"]

{[%evp 14,86,5,0,0,0,0,0,0,0,0,0,0,0,10,14,31,0,0,-1,-2,-23,22,0,0,0,62,0,14,-32,-43,-82,-54,-83,-49,-56,-45,-54,-47,-43,-37,-42,-50,-78,-55,-63,-61,-54,-27,-129,-95,-90,-90,-90,-90,-94,-89,-97,-104,-101,-99,-100,-86,-244,-239,-237,-236,-218,-241,-222,-147,-361,-373,-347,-338]} 1. d4 d5 2. c4 c6 3. Nc3 Nf6 4. e3 e6 5. Nf3 Nbd7 6. Be2 Bd6 7. O-O O-O 8. b3 b6 $1 {8...b6 is better than 8...Ne4. D45: Semi-Slav: 5 e3.} 9. Bb2 Bb7 10. Bd3 Rc8 {The position is equal.} 11. Rc1 Re8 {[#]} 12. Re1 $146 ({Predecessor:} 12. Qe2 Qe7 13. Rfd1 dxc4 14. bxc4 e5 15. c5 bxc5 16. dxe5 Nxe5 17. Nxe5 Qxe5 18. g3 {½-½ (43) Peralta,F (2586)-Santos Latasa,J (2600) Barbera del Valles 2020}) 12... h6 13. h3 c5 14. cxd5 exd5 15. Na4 Bc6 16. dxc5 bxc5 17. Bf5 Ne4 (17... Bxa4 $5 18. bxa4 Rc7 $15) 18. Nc3 Nxc3 19. Bxc3 Qe7 (19... g6 $11 20. Bd3 Bf8) 20. Bb2 ({Better is} 20. b4 $14) 20... Rb8 21. Bxd7 Qxd7 22. Ba3 {[#]} Rb5 23. Bb2 Ba8 24. Qd3 Rbb8 25. Qc3 {[%csl Gb2][%cal Rc3g7]} Bf8 26. Red1 Qe6 27. Ne5 Rbc8 28. Qd2 Qf5 29. Nd3 Qg5 30. f4 Qg3 31. Re1 (31. Qf2 $11 Qxe3 32. Qxe3 Rxe3 33. Bd4 {[%mdl 64] Double Attack}) 31... c4 32. Qf2 Qxf2+ 33. Nxf2 Bb4 34. Bc3 Ba3 $36 {[%mdl 2048] White is under strong pressure.} 35. Rb1 cxb3 36. Rxb3 Bc5 37. Bd2 Bb6 (37... d4 {is more complex.} 38. e4 Bb6 39. a4 Rc2 40. a5 Bc7) 38. Rc1 $2 (38. a4 $17 {was necessary.}) 38... Rxc1+ $19 39. Bxc1 d4 {[%cal Rd4e3]} 40. e4 Rc8 ({Don't do} 40... Bxe4 41. Nxe4 Rxe4 42. Kf2 $17) 41. Bb2 Rc2 {Hoping for ...d3!} 42. Kf1 $2 (42. Rb4 $17) 42... d3 {[%mdl 64] [#] Deflection} 43. Nxd3 Bxe4 {Weighted Error Value: White=0.27/Black=0.11} 0-1

[Event "2nd Charlotte Masters 2021"]
[Site "Charlotte"]
[Date "2021.04.10"]
[Round "2.5"]
[White "Yanayt, Eugene"]
[Black "Wu, Derek"]
[Result "1/2-1/2"]
[WhiteElo "2079"]
[BlackElo "2175"]
[Annotator "TA"]
[PlyCount "59"]
[EventDate "2021.04.09"]
[EventType "swiss"]
[EventCountry "USA"]
[SourceTitle "playchess.com"]
[Source "ChessBase"]
[SourceQuality "1"]

{[%evp 16,59,20,0,0,0,0,-11,-18,-12,-16,-13,16,0,22,12,18,13,25,0,0,0,0,-5,-11,-13,0,0,0,0,0,0,6,8,20,0,0,0,0,0,0,-11,0,-18,0,0]} 1. d4 Nf6 2. c4 e6 3. Nf3 d5 4. g3 Be7 5. Bg2 O-O 6. O-O dxc4 7. Qc2 a6 8. a4 Bd7 9. Nbd2 Bc6 {E05: Open Catalan: 5 Nf3 Be7.} 10. Nxc4 Be4 11. Qb3 Nc6 12. Be3 Nd5 13. Rfd1 ({Not} 13. Qxb7 $2 Ndb4 $17) 13... Ncb4 {[#] And now ...Bc2 would win.} 14. Rac1 {[#]} Nxe3 $146 ({Predecessor:} 14... a5 15. Bd2 Qe8 16. Na3 c6 17. Nb1 Nb6 18. Nc3 Bd5 19. Nxd5 cxd5 20. Ra1 Nc4 {1-0 (37) Vazquez Igarza,R (2513)-Franco Alonso,A (2421) Madrid 2006}) 15. Nxe3 c6 16. Ne5 Bd5 17. Bxd5 exd5 {The position is equal.} 18. Nf5 a5 19. Nxe7+ Qxe7 20. Qf3 Rfe8 21. e3 f6 22. Nd3 Nxd3 23. Rxd3 Qb4 24. Qd1 Re7 ({Avoid the trap} 24... Qxb2 $2 25. Rb3 $18) 25. Qb3 Kf7 26. Rc5 Qxb3 27. Rxb3 Ke6 28. Kf1 Kd6 29. Ke2 Ra6 30. Rc1 {An uneventful encounter.  Weighted Error Value: White=0.07/Black=0.04} 1/2-1/2